Press tool practice, (Record no. 69320)

000 -LEADER
fixed length control field 00767cam a22002771 4500
001 - CONTROL NUMBER
control field 5982620
003 - CONTROL NUMBER IDENTIFIER
control field NUST - PNEC
005 - DATE AND TIME OF LATEST TRANSACTION
control field 20170116181116.0
008 - FIXED-LENGTH DATA ELEMENTS--GENERAL INFORMATION
fixed length control field 810123m19419999enka 001 0 eng
010 ## - LIBRARY OF CONGRESS CONTROL NUMBER
LC control number 42021888
035 ## - SYSTEM CONTROL NUMBER
System control number (OCoLC)7080122
040 ## - CATALOGING SOURCE
Original cataloging agency DLC
Transcribing agency LIBRARY
Modifying agency DLC
042 ## - AUTHENTICATION CODE
Authentication code premarc
050 00 - LIBRARY OF CONGRESS CALL NUMBER
Classification number TS253
Item number .H6
082 ## - DEWEY DECIMAL CLASSIFICATION NUMBER
Classification number 621.9 HOU
100 1# - MAIN ENTRY--PERSONAL NAME
Personal name Houghton, Philip Stephen.
245 10 - TITLE STATEMENT
Title Press tool practice,
Statement of responsibility, etc. by P. S. Houghton.
260 ## - PUBLICATION, DISTRIBUTION, ETC.
Place of publication, distribution, etc. London,
Name of publisher, distributor, etc. Chapman & Hall,
Date of publication, distribution, etc. 1941-
300 ## - PHYSICAL DESCRIPTION
Extent v.
Other physical details tables, diagrs.
Dimensions 23 cm.
650 #0 - SUBJECT ADDED ENTRY--TOPICAL TERM
Topical term or geographic name entry element Sheet-metal work.
650 #0 - SUBJECT ADDED ENTRY--TOPICAL TERM
Topical term or geographic name entry element Metal-working machinery.
650 #0 - SUBJECT ADDED ENTRY--TOPICAL TERM
Topical term or geographic name entry element Punching machinery.
650 #0 - SUBJECT ADDED ENTRY--TOPICAL TERM
Topical term or geographic name entry element Machine-tools.
906 ## - LOCAL DATA ELEMENT F, LDF (RLIN)
a 7
b cbc
c oclcrpl
d u
e ncip
f 19
g y-gencatlg
942 ## - ADDED ENTRY ELEMENTS (KOHA)
Source of classification or shelving scheme
Koha item type Book
Holdings
Withdrawn status Lost status Source of classification or shelving scheme Damaged status Not for loan Permanent Location Current Location Shelving location Date acquired Total Checkouts Full call number Barcode Date last seen Price effective from Koha item type
          Pakistan Navy Engineering College (PNEC) Pakistan Navy Engineering College (PNEC)       621.9 HOU PNECLIB-000901 10/04/2015   Book
          Pakistan Navy Engineering College (PNEC) Pakistan Navy Engineering College (PNEC)       621.9 HOU PNECLIB-000902 10/05/2015   Book
          Pakistan Navy Engineering College (PNEC) Pakistan Navy Engineering College (PNEC)       621.9 HOU PNECLIB-000903 12/03/2015   Book
© 2023 Central Library, National University of Sciences and Technology. All Rights Reserved.